[Event "IND-ch U13 29th"]
[Site "Gurgaon"]
[Date "2015.09.02"]
[Round "6"]
[White "Samal, Ansuman"]
[Black "Manoj, B Kulkarni"]
[Result "1-0"]
[WhiteElo "1879"]
[BlackElo "1612"]
[PlyCount "71"]
[EventDate "2015.08.30"]
[EventType "swiss"]
[EventRounds "11"]
[EventCountry "IND"]
[SourceTitle "EXT 2016"]
[Source "ChessBase"]
[SourceDate "2015.10.08"]
[SourceVersion "1"]
[SourceVersionDate "2015.10.08"]
[SourceQuality "1"]

1. e4 c5 2. Nc3 d6 3. f4 g6 4. Nf3 Bg7 5. g3 Nc6 6. Bg2 e6 7. d3 Nge7 8. Be3 Nd4 9. Rb1 0-0 10. 0-0 Rb8 11. Ne2 Nec6 12. c3 Nxe2+ 13. Qxe2 b6 14. g4 f5 15. h3 Ne7 16. Rfe1 Re8 17. Rbd1 Bb7 18. Qc2 Qd7 19. Qf2 d5 20. gxf5 exf5 21. e5 Nc6 22. d4 c4 23. h4 Nd8 24. h5 Ne6 25. Nh4 Qf7 26. hxg6 hxg6 27. Rf1 Bh6 28. Qg3 Kh7 29. Kf2 Rg8 30. Rh1 g5 31. Nf3 g4 32. Ng5+ Rxg5 33. fxg5 f4 34. Rxh6+ Kg7 35. Qxg4 fxe3+ 36. Kxe3 1-0